Saemaul Undong (Record no. 136476)

MARC details
000 -LEADER
campo de control de longitud fija 00373nam a2200133 4500
001 - NÚMERO DE CONTROL
campo de control 136476
003 - IDENTIFICADOR DE NÚMERO DE CONTROL
campo de control ES-MaACL
007 - CAMPO FIJO DE DESCRIPCIÓN FÍSICA--INFORMACIÓN GENERAL
campo de control de longitud fija t|
008 - DATOS DE LONGITUD FIJA--INFORMACIÓN GENERAL
campo de control de longitud fija 070214s1973 ko r ||||1| eng d
245 00 - MENCIÓN DEL TÍTULO
Título Saemaul Undong
Resto del título : (new Community Movement).
260 ## - PUBLICACIÓN, DISTRIBUCIÓN, ETC.
Lugar de publicación, distribución, etc. Seoul :
Nombre del editor, distribuidor, etc. Korean Overseas Information Service,
Fecha de publicación, distribución, etc. 1973.
300 ## - DESCRIPCIÓN FÍSICA
Extensión 97 p. ;
Dimensiones 21 mc.
852 ## - LOCALIZACIÓN
Ubicación ES-MaACL
Número de control de estantería E-8612
Sublocalización o colección R.92896
Holdings
Estatus retirado Estado de pérdida Estado de daño No para préstamo Biblioteca de origen Biblioteca actual Ubicación en estantería Fecha de adquisición Fuente de adquisición Total de préstamos Signatura topográfica completa Código de barras Visto por última vez Precio de reemplazo Tipo de ítem Koha
        Biblioteca del Ateneo de Madrid Biblioteca del Ateneo de Madrid Depósito 2 17/01/2008     E-8612 1142035 23/02/2023 23/02/2023 Libro impreso